| 000 | 00994nam a2200229Ia 4500 | ||
|---|---|---|---|
| 999 |
_c40872 _d40872 |
||
| 001 | 7516 | ||
| 003 | GE_BSU | ||
| 005 | 20200109111715.0 | ||
| 008 | 181216s2012||||ge |||||||||||||| ||geo|| | ||
| 020 | _a9789941047763 | ||
| 040 | _cGE_BSU | ||
| 041 | _ageo | ||
| 080 | _a328(479.224) ს-37 | ||
| 100 |
_aსაჯაია, სერგი (გიორგი) _96037 |
||
| 245 |
_aშეთქმულთა თაღლითობანი აფხაზეთის ა\რ-ის უმაღლეს საბჭოში : _bნაწ. 2 / _cსერგი (გიორგი) საჯაია ; რედ. ნანა ბლიაძე. |
||
| 264 |
_aთბილისი., _c2012. |
||
| 300 |
_a287 გვ.; _b20 სმ. |
||
| 653 | _aაფხაზეთის ისტორია | ||
| 653 | _aაფხაზეთის უმაღლესი საბჭო | ||
| 700 |
_aბლიაძე, ნანა _eრედაქტორი _96038 |
||
| 942 |
_cBK _2udc |
||